000 00733nam a2200241Ia 4500
003 OSt
005 20220928120811.0
006 a|||||r|||| 00| 0
007 ta
008 220927b |||||||| |||| 00| 0 eng d
024 _a71161
037 _cTextual
040 _aSDCL
_cSDCL
_beng
041 _2eng
_aeng
082 _aD6,8(B2895):81, P2
100 _aShooman Martin L
_9451222
245 0 _aReliability of computer systems and networks
_b Fault tolerance analysis and design.
260 _aNew York
_b John Wiley
_c2002
300 _axii,528p
_ccm.
650 _aComputer Systems-Trouble Shooting
_9451223
942 _hD6,8(B2895):81, P2
_cTEXL
_2CC
999 _c765312
_d765312